<?xml version="1.0" encoding="UTF-8"?>
<record
    xmlns:xsi="http://www.w3.org/2001/XMLSchema-instance"
    xsi:schemaLocation="http://www.loc.gov/MARC21/slim http://www.loc.gov/standards/marcxml/schema/MARC21slim.xsd"
    xmlns="http://www.loc.gov/MARC21/slim">

  <leader>02379nam a2200253 a 4500</leader>
  <controlfield tag="001">ASIN1849041458</controlfield>
  <controlfield tag="003">OSt</controlfield>
  <controlfield tag="005">20170105102909.0</controlfield>
  <controlfield tag="008">131025s2011    xxu                 eng d</controlfield>
  <datafield tag="020" ind1=" " ind2=" ">
    <subfield code="a">1849041458 (paperback)</subfield>
    <subfield code="c">$45.00</subfield>
  </datafield>
  <datafield tag="020" ind1=" " ind2=" ">
    <subfield code="a">9781849041454 (paperback)</subfield>
  </datafield>
  <datafield tag="040" ind1=" " ind2=" ">
    <subfield code="a">a</subfield>
  </datafield>
  <datafield tag="050" ind1="0" ind2="4">
    <subfield code="a">HB195</subfield>
  </datafield>
  <datafield tag="082" ind1="0" ind2="4">
    <subfield code="a">333.7</subfield>
    <subfield code="b">BIL 2011</subfield>
  </datafield>
  <datafield tag="100" ind1="1" ind2=" ">
    <subfield code="a">Billon, Philippe Le.</subfield>
  </datafield>
  <datafield tag="245" ind1="1" ind2="0">
    <subfield code="a">Wars of plunder :</subfield>
    <subfield code="b">conflicts, profits and the politics of resources. philippe le billon /</subfield>
    <subfield code="c">Philippe Le Billon.</subfield>
  </datafield>
  <datafield tag="260" ind1=" " ind2=" ">
    <subfield code="a">[S.l.] :</subfield>
    <subfield code="b">Hurst &amp; Co.,</subfield>
    <subfield code="c">2011.</subfield>
  </datafield>
  <datafield tag="300" ind1=" " ind2=" ">
    <subfield code="a">288 p. ;</subfield>
    <subfield code="c">22 cm.</subfield>
  </datafield>
  <datafield tag="520" ind1=" " ind2=" ">
    <subfield code="a">From Angola and Liberia to Iraq and the Congo, wars have taken place in resource rich countries full of poor people. In Wars of Plunder Philippe Le Billon explores how resources have shaped recent conflicts, and what the international community has tried to do about it. Focusing on key resources-oil, diamonds, and timber-he argues that resources and wars are linked in three main ways. First, resource revenues finance belligerents, a trend that has become all the more conspicuous since the withdrawal of Cold War foreign sponsorship in the late 1980s. Although the 'War on Terror' has redefined military assistance and the internationalisation of war, many belligerents continue to rely on and profit from 'conflict resources'. Second, resource exploitation generates conflict. As global demand for raw materials has sharply increased, competition over critical resources such as oil has resulted in a flurry of 'resource conflicts', from local community struggles against mining multinationals to regional and international tensions. Third, economic shocks and poor governance sharply increase the risk of war (the 'resource curse'). While today's resource boom is a major economic opportunity for resource rich but poor countries, reliance on resource exports often implies sharp economic downturns. Not all resources are the same, however, and effective responses are at hand. Sanctions, military interventions and wealth sharing have helped bring an end to conflicts, yet only deeper domestic and international reforms in resource governance can stop the plunder.</subfield>
  </datafield>
  <datafield tag="650" ind1=" " ind2="0">
    <subfield code="a">Natural resources--Political aspects</subfield>
  </datafield>
  <datafield tag="650" ind1=" " ind2="0">
    <subfield code="a">War--Economic aspects</subfield>
  </datafield>
  <datafield tag="856" ind1="4" ind2="0">
    <subfield code="3">Amazon.com</subfield>
    <subfield code="u">http://www.amazon.com/exec/obidos/ASIN/1849041458/chopaconline-20</subfield>
  </datafield>
  <datafield tag="942" ind1=" " ind2=" ">
    <subfield code="2">ddc</subfield>
    <subfield code="c">BK</subfield>
  </datafield>
  <datafield tag="999" ind1=" " ind2=" ">
    <subfield code="c">15045</subfield>
    <subfield code="d">15045</subfield>
  </datafield>
  <datafield tag="952" ind1=" " ind2=" ">
    <subfield code="0">0</subfield>
    <subfield code="1">0</subfield>
    <subfield code="4">0</subfield>
    <subfield code="7">0</subfield>
    <subfield code="8">NFIC</subfield>
    <subfield code="a">CIPS</subfield>
    <subfield code="b">CIPS</subfield>
    <subfield code="c">GEN</subfield>
    <subfield code="d">2013-10-01</subfield>
    <subfield code="l">1</subfield>
    <subfield code="o">333.7 BIL 2011</subfield>
    <subfield code="p">CIPS0001666</subfield>
    <subfield code="r">2025-10-22</subfield>
    <subfield code="s">2025-09-23</subfield>
    <subfield code="w">2013-10-25</subfield>
    <subfield code="y">BK</subfield>
  </datafield>
</record>
